Pokémon par couleur : gris - Statistiques

Statistiques générales
  • Ce quiz a été pris 55 fois
  • Le résultat moyen est 16 sur 20
Statistiques - réponses
Par images Réponse % Correct
Arceus
100%
Bastiodon
100%
Chaglam
100%
Clic
100%
Lançargot
100%
Machopeur
100%
Mackogneur
100%
Magnéti
100%
Magnéton
100%
Melmetal
100%
Onix
100%
Pomdepik
100%
Ponchien
100%
Racaillou d'Alola
100%
Registeel
100%
Relicanth
100%
Rhinocorne
100%
Silvallié
100%
Smogogo de Galar
100%
Stalgamin
100%
Steelix
100%
Type:0
100%
Zorua
100%
Chaffreux
92%
Medhyèna
92%
Tarinor
92%
Déflaisan
90%
Dinoclier
90%
Feuforêve
90%
Barloche
89%
Meltan
89%
Noacier
89%
Cheniselle
88%
Galeking
88%
Gravalanch d'Alola
86%
Machoc
86%
Oniglali
86%
Sovkipou
86%
Tic
86%
Grindur
85%
Grolem d'Alola
83%
Mastouffe
83%
Pashmilla
83%
Poichigeon
83%
Trousselin
83%
Sarmuraï
82%
Anorith
80%
Donphan
80%
Farfuret de Hisui
80%
Rhinoféros
80%
Tarinorme
80%
Zorua de Hisui
80%
Charpenti
78%
Dolman
78%
Fermite
75%
Morphéo
75%
Prismillon
75%
Qwilfish
75%
Scobolide
75%
Tutétékri
75%
Zoroark
75%
Farfurex
73%
Cheniti
71%
Colombeau
71%
Ecaïd
71%
Galegon
71%
Kyurem
71%
Magnézone
71%
Togedemaru
71%
Ymphect
71%
Ixon
70%
Rhinastoc
70%
Cliticlic
67%
Ekaïser
67%
Muciole
67%
Rémoraid
67%
Rototaupe
67%
Ama-Ama
63%
Lapyro
63%
Galekid
60%
Larvibule
60%
Minotaupe
60%
Strassie
60%
Grahyèna
57%
Magearna
57%
Ningale
57%
Terrakium
56%
Marshadow
50%
Shifours
50%
Zoroark de Hisui
50%
Armaldo
44%
Wushours
43%
Cerbyllin
40%
Chinchidou
40%
Ouvrifier
40%
Airmure
33%
Bébécaille
30%
Psitigri
15%
Aucun quiz correspondant
Distribution des résultats
% des personnes avec chaque résultat
Percentile par nombre de réponses
Votre historique - résultats
Vous n’avez pas pris ce quiz